El contrato de compraventa internacional en el comercio Chile-Unión Europea: marco jurídico y los pricipios de derecho europeo de los contratos
Guardat en:
| Autor principal: | |
|---|---|
| Format: | Llibre |
| Idioma: | espanyol |
| Publicat: |
Santiago
Metropolitana
2006
|
| Matèries: | |
| Etiquetes: |
Afegir etiqueta
Sense etiquetes, Sigues el primer a etiquetar aquest registre!
|
MARC
| LEADER | 00000nam a2200000 a 4500 | ||
|---|---|---|---|
| 001 | UCJ1884 | ||
| 003 | CL-VaPUC | ||
| 008 | 061117e20060000CL |||||||||||||||||spa|d | ||
| 020 | |a 956286068X | ||
| 082 | 0 | 4 | |a 341.754 |b SAL |2 21 |
| 100 | 0 | |a Saldías Collao, Osvaldo |e author |9 502661 | |
| 245 | 1 | 3 | |a El contrato de compraventa internacional en el comercio Chile-Unión Europea: marco jurídico y los pricipios de derecho europeo de los contratos |
| 300 | |a 235 p | ||
| 942 | |c BK | ||
| 945 | |d 20061117 00:00:00 |a jtorresc | ||
| 260 | |a Santiago |b Metropolitana |c 2006 | ||
| 650 | 0 | |a Compraventa internacional |9 359625 | |
| 650 | 0 | |a Compraventa mercantil |9 359626 | |
| 650 | 0 | |a Comercialización |9 259326 | |
| 650 | 0 | |a Contratos internacionales |9 354502 | |
| 650 | 7 | |a EXPORTACIONES |2 CL-VaPUC |9 255382 | |
| 583 | |a last modification |c 20061117 00:00:00 |k Rodrigo Vera | ||
| 999 | |c 318316 |d 318314 | ||
| 952 | |0 0 |1 0 |4 0 |6 341_754000000000000_SAL_2006 |7 0 |8 A |9 396063 |a BIBDER |b BIBDER |d 2019-11-22 |i 4296435 |o 341.754 SAL 2006 |p 4296435 |r 2023-01-25 |w 2019-11-22 |y BK |k DER | ||
| 952 | |0 0 |1 0 |4 0 |6 341_754000000000000_SAL_2006 |7 0 |8 A |9 396064 |a BIBDER |b BIBDER |d 2019-11-22 |i 4296443 |o 341.754 SAL 2006 |p 4296443 |r 2023-01-25 |w 2019-11-22 |y BK |k DER | ||